Statistiques concernant Palmarès AC Milan

Cliquez ici pour prendre le quiz!

Statistiques générales

  • Ce quiz a été pris 64 fois
  • Le résultat moyen est 5 sur 13

Statistiques - réponses

AnnéeTrophée% Correct
1963, 1969, 1989, 1990, 1994, 2003
et 2007
Ligue des champions7
95%
1901, 1906, 1907, 1951, 1955, 1957,
1959, 1962, 1968, 1979, 1988, 1992,
1993, 1994, 1996, 1999, 2004, 2011
et 2022
Serie A19
93%
1967, 1972, 1973, 1977 et 2003Coupe d'Italie5
86%
2007Coupe du monde des clubs1
54%
1988, 1992, 1993, 1994, 2004, 2011
et 2016
Super coupe d'Italie7
46%
1989, 1990, 1994, 2003 et 2007Super coupe de l'UEFA5
37%
1981 et 1983Serie B2
28%
1968 et 1973Coupe des coupes2
25%
1906Championnat 2de Catégorie1
14%
1969, 1989 et 1990Coupe intercontinental3
11%
1916Coupe Fédérale1
2%
1951 et 1956Coupe Latine2
2%
1900, 1901 et 1902Medaglia di Re3
2%

Distribution des résultats

Percentile par nombre de réponses

% des personnes avec chaque résultat

Votre développement - résultats

Vous n’avez pas pris ce quiz